000 02063cam a2200289 a 4500
999 _c6095
_d6095
001 2347182
003 OSt
005 20260209115137.0
008 211222t20212020nyu g 000 1 eng d
020 _a9781982127305
_q(pbk.)
040 _aJBZ
_beng
_cJBZ
_dOCLCO
_dYDX
_dBDX
_dITD
_dOCLCF
_dTCPL
_dKH8
_eaacr2
042 _anbic
082 _aFIC ADI
100 1 _aAdiga, Aravind,
_eauthor.
245 1 0 _aAmnesty :
_ba novel /
_cAravind Adiga.
246 3 2 _aA novel.
250 _aFirst Scribner trade paperback ed.
260 _aNew York :
_bScribner,
_c2021.
300 _a256 pages ;
_c21 cm.
520 _a"Danny--formerly Dhananjaya Rajaratnam--is an illegal immigrant in Sydney, Australia, denied refugee status after he fled from Sri Lanka. Working as a cleaner, living out of a grocery storeroom, for three years he's been trying to create anew identity for himself. And now, with his beloved vegan girlfriend, Sonja, with his hidden accent and highlights in his hair, he is as close as he has ever come to living a normal life. But then one morning, Danny learns a female client of his has been murdered. The deed was done with a knife, at a creek he'd been to with her before; and a jacket was left at the scene, which he believes belongs to another of his clients--a doctor with whom Danny knows the woman was having an affair. Suddenly Danny is confronted with a choice: Come forward with his knowledge about the crime and risk being deported? Or say nothing, and let justice go undone? Over the course of this day, evaluating the weight of his past, his dreams for the future, and the unpredictable, often absurd reality of living invisibly and undocumented, he must wrestle with his conscience and decide if a person without rights still has responsibilities." -publisher's website.
650 0 _aIllegal aliens
_zAustralia
_vFiction.
650 0 _aForeign workers, Sri Lankan
_zAustralia
_vFiction.
650 0 _aRefugees
_zSri Lanka
_vFiction.
650 0 _aRefugees
_zAustralia
_vFiction.
650 0 _aMurder
_zAustralia
_vFiction.
942 _2ddc
_cFIC